000 00351nam a22001337a 4500
999 _c54979
_d54979
008 200203b ||||| |||| 00| 0 eng d
041 _aeng
080 _a043.3
082 _a043.3
100 _a0
101 _aBTH
245 _aEfekti i shpërblimeve financiare dhe jo-financiare në rritjen e motivimit të punëtorëve
_cGoga,D
942 _2udc
_cBK